000 00577cam a22002292a 4500
001 004016
003 AR-FADEU
008 311216n1994####xxu####################dd
020 _a950-507-338-7
092 _aA861.44
_bB518
100 _aBernardez, Francisco Luis
245 _aAntología
260 _aBuenos Aires
260 _bSecretaría de Cultura de la Nación
260 _bBonum
260 _c1994
300 _a359 p
440 _aIdentidad Nacional
_n14
500 _aPrólogo de Graciela Maturo
650 _aLITERATURA ARGENTINA-POESIA
942 _cBDGR
999 _c9843
_d9843